000 01001nam a2200253Ia 4500
003 OSt
005 20220923223715.0
006 a|||||r|||| 00| 0
007 ta
008 220922b |||||||| |||| 00| 0 hin d
024 _a220,393
037 _cTextual
040 _aARTS
_cARTS
_bhin
041 _2hin
_ahin
082 _aO142,3M70x, 152P4
100 _aवरहाम सिंह, संपा.
245 0 _aनोबेल पुरस्कार से सम्मानित रचनाकार
_b इवान बूनिन चुनि हुई रचनाएँ
246 _aNobel puraskār se sammānit rachanākāra: ivān būnin chuni huī rachanāeँ
260 _aदिल्ली
_b प्रकाशन संस्थान
_c2004
300 _a320i`
_ccm.
650 _aहिन्दी साहित्य
_9156264
942 _hO142,3M70x, 152P4
_cTEXL
_2CC
999 _c366866
_d366866